书目信息 |
| 题名: |
现代财务管理与审计
|
|
| 作者: | 张书玲 , 肖顺松 , 冯燕梁 主编 | |
| 分册: | ||
| 出版信息: | 天津 天津科学技术出版社 2020 |
|
| 页数: | 193页 | |
| 开本: | 26cm | |
| 丛书名: | ||
| 单 册: | ||
| 中图分类: | F275 , F239.41 | |
| 科图分类: | ||
| 主题词: | 财务管理 , 财务审计 | |
| 电子资源: | ||
| ISBN: | 978-7-5576-7620-9 | |
| 000 | 00939nam0 2200265 450 | |
| 001 | 2349396555 | |
| 005 | 20231205134325.47 | |
| 010 | @a978-7-5576-7620-9@dCNY68.00 | |
| 100 | @a20201028d2020 em y0chiy50 ea | |
| 101 | 0 | @achi |
| 102 | @aCN@b120000 | |
| 105 | @ay z 000yy | |
| 200 | 1 | @a现代财务管理与审计@Axian dai cai wu guan li yu shen ji@f张书玲,肖顺松,冯燕梁主编 |
| 210 | @a天津@c天津科学技术出版社@d2020 | |
| 215 | @a193页@d26cm | |
| 330 | @a本书共九章,主要内容包括:财务管理概述、财务管理的新理念、财务管理的实践研究、企业财务管理的应用、财务审计概述、财务审计的创新研究、财务审计的基础模式、财务审计的应用、财务管理与审计的关系。 | |
| 606 | 0 | @a财务管理 |
| 606 | 0 | @a财务审计 |
| 690 | @aF275@v5 | |
| 690 | @aF239.41@v5 | |
| 701 | 0 | @a张书玲@Azhang shu ling@4主编 |
| 701 | 0 | @a肖顺松@Axiao shun song@4主编 |
| 701 | 0 | @a冯燕梁@Afeng yan liang@4主编 |
| 801 | 0 | @aCN@b91MARC@c20201223 |
| 905 | @aZUCC@dF275@e325 | |
| 现代财务管理与审计/张书玲,肖顺松,冯燕梁主编.-天津:天津科学技术出版社,2020 |
| 193页;26cm |
| ISBN 978-7-5576-7620-9:CNY68.00 |
| 本书共九章,主要内容包括:财务管理概述、财务管理的新理念、财务管理的实践研究、企业财务管理的应用、财务审计概述、财务审计的创新研究、财务审计的基础模式、财务审计的应用、财务管理与审计的关系。 |
| ● |
| 相关链接 |
|
|
|
正题名:现代财务管理与审计
索取号:F275/325
 
预约/预借
| 序号 | 登录号 | 条形码 | 馆藏地/架位号 | 状态 | 备注 |
| 1 | 2001266431 | 2001266431 | 辽宁北方(第一批)/辽宁北方(第一批)/301/ [索取号:F275/325] | 在馆 | |
| 2 | 2001266432 | 2001266432 | 辽宁北方(第一批)/辽宁北方(第一批)/301/ [索取号:F275/325] | 在馆 | |
| 3 | 2001266433 | 2001266433 | 辽宁北方(第一批)/辽宁北方(第一批)/301/ [索取号:F275/325] | 在馆 | |
| 4 | 2001266434 | 2001266434 | 辽宁北方(第一批)/辽宁北方(第一批)/301/ [索取号:F275/325] | 在馆 | |
| 5 | 2001266435 | 2001266435 | 辽宁北方(第一批)/辽宁北方(第一批)/301/ [索取号:F275/325] | 在馆 | |
| 6 | 2001266436 | 2001266436 | 辽宁北方(第一批)/辽宁北方(第一批)/301/ [索取号:F275/325] | 在馆 |